000 00334 a2200157 4500
001 154874
040 _cEscola São Tomás de Aquino
100 _aSOARES, Paulo Antonio de Toledo
240 1 0 _aFísica 2
_lpor
245 1 0 _aFísica 2
300 _a512
362 0 _a2009
440 1 _aModerna
697 _aFÍSICA
942 _cBK
999 _c154874
_d154874